Statistics for Steven Spielberg Movies by Picture

Click here to take the quiz!

General Stats

  • This quiz has been taken 2,064 times
  • The average score is 12 of 16

Answer Stats

Answer% Correct
E.T. the Extra-Terrestrial
98%
Raiders of the Lost Ark
97%
Jurassic Park
96%
Saving Private Ryan
89%
Lincoln
86%
Catch Me If You Can
78%
Jaws
78%
Schindler's List
74%
The Terminal
70%
The Adventures of Tintin
69%
The Goonies
68%
Hook
59%
Ready Player One
55%
Poltergeist
54%
Close Encounters of the Third Kind
47%
The Color Purple
46%

Score Distribution

Percentile by Number Answered

Percent of People with Each Score

Your Score History

You have not taken this quiz